| 000 | 00487nam a2200193 a 4500 | ||
|---|---|---|---|
| 001 | 1765349898375 | ||
| 003 | ACL | ||
| 005 | 20251210132856.0 | ||
| 008 | 251210s2009##################000#0#eng## | ||
| 020 | _a9781845934743 | ||
| 082 | 0 | 4 |
_a634.9721 _bJOH |
| 100 | 1 |
_aJohnson, Paul S., _eauthor. |
|
| 245 | 1 | 0 | _aThe Ecology and Silviculture of Oaks : |
| 260 |
_bC A B International, _c2009. |
||
| 300 | _a580 pages | ||
| 650 | 0 | _aNature. | |
| 942 | _cENGLISH | ||
| 040 |
_aACL _beng _cACL |
||
| 999 |
_c601960 _d601960 |
||